Countries That Consume the Most Chocolate - Statistics

General Stats
  • This quiz has been taken 75 times
  • The average score is 8 of 11
Answer Stats
Rank Country % Correct
2 Germany
96%
5 United Kingdom
93%
1 Switzerland
88%
3 Austria
78%
8 Sweden
75%
10 Finland
72%
6 Norway
72%
11 Russia
71%
4 Ireland
68%
7 Estonia
42%
9 Slovakia
29%
No matching quizzes found
Score Distribution
Percent of People with Each Score
Percentile by Number Answered
Your Score History
You have not taken this quiz